S'apropa el 8è Challenge de Mitges Maratons : Gran Premi Diputació de Barcelona : que no se t'escapi! Gran Premi Diputació de Barcelona : que no se t'escapi!
Descripción Física:
1 fullet : il·lustracions ; 9 cm
Materias:
Curses -- Barcelona (Província)
Idioma:
Catalán
MARC
| LEADER | 00000nam a2200000 a 4500 | ||
|---|---|---|---|
| 001 | 26068 | ||
| 008 | 220628b spa||||| |||| 00| 0 cat d | ||
| 017 | |a DL B 20510-2013 | ||
| 080 | |a NBM-14-24 | ||
| 245 | |a S'apropa el 8è Challenge de Mitges Maratons : |b Gran Premi Diputació de Barcelona : que no se t'escapi! | ||
| 260 | |a Barcelona : |b Diputació de Barcelona, |c 2013 | ||
| 300 | |a 1 fullet : |b il·lustracions ; |c 9 cm | ||
| 650 | 0 | |9 53626 |a Curses |z Barcelona (Província) | |
| 710 | 1 | |a Barcelona (Catalunya : Província). |b Diputació |9 52408 | |
| 942 | |2 udc |c ARXIU |n 1 | ||
| 952 | |0 0 |1 0 |4 0 |6 NBM1424 |7 1 |9 62549 |a Arxiu |b Arxiu |d 2022-06-28 |l 0 |o NBM-14-24 |p 26068 |r 2022-06-28 00:00:00 |w 2022-06-28 |y ARXIU | ||
| 999 | |c 82148 |d 82148 | ||